00358nam a22001217a 450000500170000000800410001704100080005808200080006610000620007424500630013626000290019930000080022820240808161834.0240808b |||||||| |||| 00| 0 eng d aeng bPAW aPawar Bhagyashri- 2K211155 & Prof. Ranjana Gogate - Guide aFinancial Performance Analysis of Janta Sahakari Bank Ltd. aPune bSPPU cMarch-2023 a46p